00524 2200157 4500001002100000005001500021035002000036007000300056008003900059082002300098084002900121100001600150245014200166260003300308856002500341INLIS00000000000204420200203110400 a0010-0220000061ta200203 | | |  a616. 907 259 815.2 a616. 907 259 815.2 OKI f0 aOki Triyadi1 aFaktor Faktor Yang Berhubungan Dengan Kejadian Penyakit Malaria Di Wilayah Kerja Puskesmas Rimbo Bujang II Kabupaten Tebo /cOki Triyadi aJambi :bStikes Prima,c2015 aKesehatan Masyarakat